000 00266nam a22001217a 4500
008 180905b xxu||||| |||| 00| 0 eng d
041 _aeng
080 _23 ED
_a32
100 _a20
101 _aSHP
245 _aInside The System
_cPeters.CH
942 _2udc
_cBK
999 _c47563
_d47563